000 00913nam a2200265 i 4500
003 DO-SdBNP
005 20260310131930.0
007 ta
008 100122s2005 dr 000 0 spa d
040 _aDO-SdBNP
_bspa
_cBNPHU
_erda
041 _aspa
082 4 _axxxx
_bM981
_222
100 _aMurray, Gerald F
_eautor
_922540
245 1 3 _aEl colegio y la escuela :
_bantropología de la educación en la República Dominicana /
_cGerald F. Murray ; presidente de EDUCA Juan Tomás Tavares Kelner
264 _aSanto Domingo :
_bEDUCA,
_c2005.
300 _a18 páginas ;
_c21 cm.
336 _ardacontent
_btexto
_2txt
337 _ardamedia
_bsin mediación
_2n
338 _ardacarrier
_bvolumen
_2nc
590 _aInventariado, 2022/ YL
700 1 _aTavares Kelner, Juan Tomas
_epresentación
_910383
710 _aAcción para la Educación Básica (EDUCA)
_982994
910 _aYLockward
942 _2ddc
_cLF2
999 _c53073
_d53073